Collaborative language learning and teaching
I tiakina i:
| Ētahi atu kaituhi: | |
|---|---|
| Hōputu: | Pukapuka |
| Reo: | Ingarihi |
| I whakaputaina: |
Cambridge
Cambridge University Press
1992
|
| Putanga: | 1a. ed |
| Ngā marau: | |
| Ngā Tūtohu: |
Tāpirihia he Tūtohu
Kāore He Tūtohu, Me noho koe te mea tuatahi ki te tūtohu i tēnei pūkete!
|
MARC
| LEADER | 00000cam a2200000 a 4500 | ||
|---|---|---|---|
| 001 | UCF3926 | ||
| 003 | CL-VaPUC | ||
| 008 | 121108e19920000UK |||||||||||||||||eng|d | ||
| 020 | |a 0521427010 | ||
| 082 | 0 | 4 | |a 371.37 |b NUN |2 21 |
| 100 | |a Nunan, David |e editor |9 565572 | ||
| 245 | 1 | 0 | |a Collaborative language learning and teaching |
| 250 | |a 1a. ed | ||
| 300 | |a 272 p | ||
| 942 | |c BK | ||
| 945 | |d 20121108 00:00:00 |a dcastane | ||
| 260 | |a Cambridge |b Cambridge University Press |c 1992 | ||
| 650 | 7 | |a DISCUSION |2 CL-VaPUC |9 311631 | |
| 650 | 0 | |a Métodos de enseñanza |9 270413 | |
| 650 | 0 | |a Enseñanza de idiomas |9 339820 | |
| 583 | |a last modification |c 20121108 11:12:00 |k Rodrigo Vera | ||
| 999 | |c 349962 |d 349960 | ||
| 952 | |0 0 |1 0 |4 0 |6 371_370000000000000_NUN_1992 |7 0 |8 A |9 452860 |a BIBEDU |b BIBEDU |d 2019-11-22 |i 4922042 |o 371.37 NUN 1992 |p 4922042 |r 2019-11-22 |w 2019-11-22 |y BK |k LIT | ||